History Quiz

Random History or Biography Quiz

Bush/Obama Facts Quiz Stats

 Plays Quiz Updated May 17, 2018

Score 0/28 Timer 06:00
1 Play Today
Name Answer % Correct
George W. BushCrawford, Texas
91.9%
George W. BushRepublican
90%
Barack ObamaDemocrat
89.7%
Barack ObamaMichelle Obama
87.7%
Barack ObamaHawaii
84.2%
Barack ObamaSenator from Illinois
77.7%
George W. BushLaura Bush
77.1%
Barack ObamaChicago, Illinois
77%
George W. BushHarvard Business School
76%
Barack ObamaHarvard Law School
76%
George W. BushYale University
69.8%
Barack ObamaHussein
68.7%
George W. BushGovernor of Texas
66.3%
George W. BushWalker
64.2%
Name Answer % Correct
Barack Obama1961
55.2%
George W. Bush1946
51.4%
Barack ObamaNatasha 'Sasha' Obama
49.3%
George W. BushBarbara Pierce Bush
49.2%
Barack ObamaMalia Ann Obama
46.4%
George W. BushJenna Welch Hager
42.9%
George W. BushConnecticut
42.7%
George W. BushUnited Methodist
38%
Barack ObamaUnited Church of Christ
37.4%
Barack ObamaColumbia University
34.6%
Barack ObamaLeo
29.6%
George W. BushCancer
28.6%
Barack ObamaRenegade
8.3%
George W. BushTumbler or Trailblazer
3.7%

You're not logged in!

Compare scores with friends on all Sporcle quizzes.
OR
Log In

Sporcle TV

Today on Sporcle TV


Watch our educational content, quiz creation guides, and fun videos on Sporcle TV.

Show Comments

Extras

Top Quizzes Today


Score Distribution

Your Account Isn't Verified!

In order to create a playlist on Sporcle, you need to verify the email address you used during registration. Go to your Sporcle Settings to finish the process.

Report this User

Report this user for behavior that violates our Community Guidelines.

Details: